000 00916cab a2200265 4500
001 WB3321-25
008 090401t1997 xxu||||| |||| 00| 0 eng d
035 _a(Sirsi) u78670
041 _aeng
245 _aIndustrial villages
260 _c1997
350 _a0
490 _aFinancial Times
_v30 May 1997, 9(1)
520 _aThe Welsh Office has launched an initiative promoting `industrial villages`, in an attempt to boost jobs in the region. The scheme relies on the use of information technology to ensure companies in remote areas will not feel cut off.
650 _aINDUSTRIAL VILLAGES
650 _aMANAGEMENT-BUSINESS MANAGEMENT-INFORMATION MANAGEMENT
650 _aJOB CREATION
650 _aSOUTH WALES
650 _aWALES
650 _aWELSH OFFICE
650 _aWELSH VALLEYS
690 _aMANAGEMENT-BUSINESS MANAGEMENT-INFORMATION MANAGEMENT
942 _n0
948 _c30/05/1997
999 _c49473
_d49473